000 00426nam a2200169 i 4500
001 bg
100 1 _aKawalec, Mieczysław.
245 0 _aLaboratorium z podstaw skrawania /
_cM. Kawalec, J. Kodym, M. Jankowiak.
250 _aWyd.3.
260 _aPoznań,
_c1980.
700 1 _aKodym, Jerzy.
700 1 _aJankowiak, Marian.
040 _cBPK
041 _apol
942 _cKS
008 s pl f |000 0 pol
999 _c3764
_d3764
856 _uhttp://koha.tu.koszalin.pl/cgi-bin/koha/opac-detail.pl?biblionumber=3764
_yKatalog online BPK